000 00305nam a22001097a 4500
008 160423b xxu||||| |||| 00| 0 eng d
020 _a0314034250
041 _aeng
080 _a612.39
245 1 0 _aNutrition concepts and controversies:
_cFrances Sizer; Eleanor Whitney;Lori Waite Turner;
942 _2udc
_cBK
999 _c1555
_d1555